Quick Pick: Gryffindors Quiz Stats

 Plays Quiz Updated Jan 10, 2018

Score 0/10 Timer 01:00
4 Plays Today
% Correct
Hermione Granger
93%
Katie Bell
79.8%
Lee Jordan
78.5%
Dennis Creevey
76.5%
Parvati Patil
70.6%
Cormac McLaggen
64.9%
Romilda Vane
46.6%
Demelza Robins
40.6%
Jimmy Peakes
35.9%
Euan Abercrombie
30.9%

Today's Daily Dose

You're not logged in!

Compare scores with friends on all Sporcle quizzes.
OR
Log In

You Might Also Like...

Show Comments

Extras

Top Quizzes Today


Score Distribution

Your Account Isn't Verified!

In order to create a playlist on Sporcle, you need to verify the email address you used during registration. Go to your Sporcle Settings to finish the process.

Report this User

Report this user for behavior that violates our Community Guidelines.

Details: